Japanese Ink Painting (Record no. 305)

MARC details
000 -CABECERA
campo de control de longitud fija 00809nam a2200253 a 4500
001 - NÚMERO DE CONTROL
campo de control BRCA_368
005 - FECHA Y HORA DE LA ÚLTIMA TRANSACCIÓN
campo de control 20190320202959.0
008 - DATOS DE LONGITUD FIJA--INFORMACIÓN GENERAL
campo de control de longitud fija 720710s1972 nyua 000 0 eng
020 ## - NÚMERO INTERNACIONAL ESTÁNDAR DEL LIBRO
Número Internacional Estándar del Libro 0834810050
040 ## - FUENTE DE LA CATALOGACIÓN
Centro catalogador/agencia de origen DLC
Centro/agencia transcriptor DLC
Centro/agencia modificador DLC
041 ## - CÓDIGO DE LENGUA
Código de lengua del texto/banda sonora o título independiente engjpn
050 #4 - SIGNATURA TOPOGRÁFICA DE LA BIBLIOTECA DEL CONGRESO
Número de clasificación ND2071
Número de documento/Ítem .T36 1972
100 1# - ENTRADA PRINCIPAL--NOMBRE DE PERSONA
Nombre de persona Tanaka, Ichimatsu
Fechas asociadas al nombre 1895-
9 (RLIN) 1237
245 10 - MENCIÓN DE TÍTULO
Título Japanese Ink Painting
Resto del título Shubun to Sesshu
Mención de responsabilidad, etc. Ichimatsu Tanaka ; translated by Bruce Darling.
260 ## - PUBLICACIÓN, DISTRIBUCIÓN, ETC.
Lugar de publicación, distribución, etc. Nueva York
Nombre del editor, distribuidor, etc. Weatherhill
Fecha de publicación, distribución, etc. [1972]
300 ## - DESCRIPCIÓN FÍSICA
Extensión 174 p.
Otras características físicas il. (algunas a color)
Dimensiones 24 cm.
440 #0 - MENCIÓN DE SERIE/PUNTO DE ACCESO ADICIONAL--TÍTULO
Título The Heibonsha Survey of Japanese Art
Designación de volumen o secuencia 12
9 (RLIN) 1238
500 ## - NOTA GENERAL
Nota general Traducción de: Shubun kara Sesshu e.
500 ## - NOTA GENERAL
Nota general Donación Fundación Japón
650 14 - PUNTO DE ACCESO ADICIONAL DE MATERIA--TÉRMINO DE MATERIA
Término de materia o nombre geográfico como elemento de entrada Pintura japonesa en tinta
9 (RLIN) 1239
700 1# - PUNTO DE ACCESO ADICIONAL--NOMBRE DE PERSONA
Nombre de persona Darling, Bruce
9 (RLIN) 1240
902 ## - CATALOGADOR
Iniciales DFJ
942 ## - ELEMENTOS DE PUNTO DE ACCESO ADICIONAL (KOHA)
Fuente del sistema de clasificación o colocación Library of Congress Classification
Tipo de ítem Koha Libros
Holdings
Estado de retiro Estado de pérdida Estado dañado No para préstamo Localización permanente Ubicación/localización actual Fecha de adquisición Total de préstamos Signatura topográfica completa Código de barras Fecha visto por última vez Precio válido a partir de Tipo de ítem Koha
El ejemplar forma parte de la colección y puede ser consultado según las políticas vigentes.       Biblioteca del Museo Franz Mayer (Rogerio Casas-Alatriste) Biblioteca del Museo Franz Mayer (Rogerio Casas-Alatriste) 25/06/2008   ND2071 .T36 1972 DFJ00019 22/03/2019 22/03/2019 Libros